[Event "Kiev Spring op"]
[Site "Kiev"]
[Date "2023.03.28"]
[Round "5"]
[White "Kazakov, Maksym"]
[Black "Nedin, Danylo"]
[Result "1-0"]
[WhiteElo "2039"]
[BlackElo "1556"]
[PlyCount "107"]
[EventDate "2023.03.25"]
[EventType "swiss"]
[EventRounds "9"]
[EventCountry "UKR"]
[SourceTitle "EXT 2024"]
[Source "ChessBase"]
[SourceDate "2023.10.10"]
[SourceVersion "1"]
[SourceVersionDate "2023.10.10"]
[SourceQuality "1"]

1. e4 Nc6 2. Nf3 d5 3. exd5 Qxd5 4. Nc3 Qa5 5. d4 Bg4 6. Be3 0-0-0 7. Be2 Nf6 8. Nd2 Bxe2 9. Qxe2 Qf5 10. Nf3 e6 11. 0-0 Rg8 12. Rfd1 g5 13. Ne5 Nxe5 14. dxe5 Rxd1+ 15. Rxd1 Qxe5 16. Qc4 Bd6 17. g3 Ne8 18. Bxa7 Qa5 19. Nb5 Kd7 20. Bc5 Ke7 21. b4 Qa6 22. Nxd6 cxd6 23. Bxd6+ Nxd6 24. Qc7+ Kf6 25. Rxd6 Qxa2 26. Rd7 Qb1+ 27. Kg2 Qxb4 28. Rxf7+ Kg6 29. Qxb7 Qxb7+ 30. Rxb7 Rc8 31. Rb2 g4 32. Kf1 Rc5 33. Ke2 Kf6 34. Kd3 Rh5 35. c4 Ke7 36. Ke4 Kd6 37. Kf4 Rc5 38. Rb6+ Ke7 39. Rb4 Rf5+ 40. Kxg4 Rxf2 41. Rb7+ Kf6 42. Rxh7 Rc2 43. Rh6+ Kf7 44. Kg5 Rxc4 45. Rh7+ Kg8 46. Re7 Re4 47. h4 Kf8 48. Ra7 Re5+ 49. Kf6 Rf5+ 50. Kg6 Rf3 51. g4 e5 52. h5 Rb3 53. Ra8+ Ke7 54. h6 1-0

[Event "Lvov Buturina Memorial 2nd"]
[Site "Lvov"]
[Date "2022.11.20"]
[Round "8"]
[White "Nedin, Danylo"]
[Black "Stasyuk, Jaroslav"]
[Result "1-0"]
[WhiteElo "1556"]
[BlackElo "1177"]
[PlyCount "101"]
[EventDate "2022.11.18"]
[EventType "swiss (rapid)"]
[EventRounds "9"]
[EventCountry "UKR"]
[SourceTitle "CBM 212 Extra"]
[Source "ChessBase"]
[SourceDate "2023.03.31"]
[SourceVersion "1"]
[SourceVersionDate "2023.03.31"]
[SourceQuality "1"]

1. d4 Nf6 2. Nf3 g6 3. c4 Bg7 4. Nc3 0-0 5. e4 d6 6. h3 Nbd7 7. Bg5 h6 8. Be3 e5 9. d5 a5 10. Qd2 Kh7 11. Bd3 Ne8 12. g4 Nc5 13. Bc2 b6 14. a3 a4 15. Bxc5 dxc5 16. Bxa4 Nd6 17. Qe2 f5 18. gxf5 gxf5 19. Bc2 fxe4 20. Nxe4 Bf5 21. 0-0-0 Kh8 22. Rdg1 Qe7 23. Rg3 Bxe4 24. Bxe4 Nxe4 25. Qxe4 Rf4 26. Qe2 e4 27. Rhg1 Rg8 28. Ng5 Qf6 29. Nxe4 Qd4 30. f3 Rf7 31. Rd1 Qe5 32. Rd2 Re8 33. Qd3 Qf4 34. Kb1 Bd4 35. Rdg2 Bg7 36. Qd2 Qe5 37. Rg6 Ree7 38. Rxh6+ Kg8 39. Qc3 Qxc3 40. Nxc3 Rxf3 41. Re6 Rxe6 42. dxe6 Re3 43. Ne2 Rxe6 44. Nf4 Re5 45. Nd5 Re1+ 46. Kc2 Kf7 47. Nxc7 Bh6 48. Nd5 Re6 49. Kb3 Bf8 50. Rf2+ Kg8 51. Rf6 1-0